000 00421nam a2200145Ia 4500
008 100122s9999 xx 000 0 und d
082 _b40532
_a915.41
100 _aदेशपांडे सुषमा
245 _aसंगत पंगत
260 _bसुरस प्रकाशन
_c1987
300 _a206
630 _aसंगत पंगत
730 _aसंगत पंगत
942 _cBOOK
999 _c421397
_d421394